| 000 | 00624cab a2200193 4500 | ||
|---|---|---|---|
| 001 | L136753 | ||
| 008 | 070221n2007 000 0 eng u | ||
| 035 | _a(Sirsi) u136753 | ||
| 041 | 0 | _aeng | |
| 100 | 1 | _aBooty, Frank | |
| 245 | 0 | 0 | _aRenewables support |
| 260 | _c2007 | ||
| 490 | 0 | 0 |
_aPremises and Facilities Management _vFebruary 2007, 37-38(2) |
| 520 | _aCovers what grant support is currently available for those considering a change to and investment in renewable technologies. | ||
| 590 | _aKA | ||
| 651 | 4 |
_aEngland _y886- |
|
| 690 | _aENVIRONMENTAL AND LAND CONSULTANCY-ENERGY-RENEWABLE ENERGY | ||
| 942 | _n0 | ||
| 999 |
_c78431 _d78431 |
||